000 00563nam a22001697a 4500
082 _a610.28
100 _aAhmad, Wajiha
245 _aChemical Sensing of Benzo[a] Pyrene Using Plant Mediated Fluorescent Flavonoids
_cWajiha Ahmad.
260 _aIslamabad:
_bSMME - NUST,
_c2015.
300 _a57 p.: ill.;
_c30cm.
650 _aMS-Thesis.
_918721
700 _aDr. Nosheen Fatima
_916094
856 _uhttp://10.250.8.41:8080/xmlui/handle/123456789/6183
942 _2ddc
_cTHE
999 _c529142
_d529142